[Event "HCL-A115"]
[Site "www.playchess.de"]
[Date "2001.04.16"]
[Round "8"]
[White "Translightor"]
[Black "deadeasy"]
[WhiteElo "1455"]
[BlackElo "1891"]
[PlyCount "104"]
[Result "0-1"]

1.e4 {Hello once again!}  c5 {hi. you get white 
this time.  heres to an interesting one}  2.Nf3 
{So it should be, if you play the Sicilian!}  Nc6 
{i have played 1...Nc6 for many years, but want to 
learn something new}  3.d4 {When one gets older, 
one plays Nc6 one move later...}  cxd4 {i like 
that view :-)}  4.Nxd4 {BTW, I couldn't win that 
game against patzer. B185 brought me the 
promotion.}  Nf6 {that was bizarre, has the bug 
been fixed? the A league is more consistent than 
the B I think}  5.Nc3 {At least the move was taken 
back after some weeks. Thomas has other problems!} 
 e5 {what other problems?}  6.Ndb5 {The server 
shutdown; lunatics like ffossa writing trash in 
the forum...}  d6 {i refuse to acknowledge it.had 
it on footy sites here, delete it immediately and 
they got fed up.}  7.Bg5 {I know one in Spain. In 
the FC Barcelona section 90 % are Real hatemails.} 
 a6 {our big rival match is on saturday (against 
cambridge). lots of hate mail this week, but only 
talk}  8.Na3 {I am remember the historical evening 
when you were winning against me while to a match 
on the radio.}  b5 {i remember. i am going to 
watch tomorrow, the first time my partner will 
have witnessed the game.}  9.Bxf6 {Is there an 
internet connection in the stadium?}  gxf6 
{probably. the official club site webcasts a local 
radio commentary. all clubs hav w.rivals.net site} 
 10.Nd5 {There will be no radio commentary 
tomorrow; you'll need the line to play with me 
during the match!}  f5 {no chess tomorrow i have 
to leave mid-morning to get to the game. back 
late.}  11.Bd3 {Okay, enjoy the match - and don't 
think about chess!}  Be6 {a close 4 - 1 
victory...very sweet :-)}  12.O-O {Better than my 
chess team today. We lost 1-7, including me :-(}  
Bxd5 {oh well, they cannot blame you alone for the 
defeat.}  13.exd5 {No, but I played the fool - 
telling everyone that I had a dead draw position.} 
 Ne7 {i was also asked to play chess for RAF on 
sat. i would be the fool if peterboro had lost.}  
14.c3 {I don't understand the link between RAF 
chess and Peterboro soccer.}  Bg7 {said no to RAF 
chess. if peterboro had lost i would have received 
loads of e-mails laughing at me.}  15.Qh5 {But if 
peterboro had lost, the e-mails would be rushing 
in anyway, wouldn't they?}  e4 {good point. did 
you see the first game i played in this line? i 
played 10..Bb7? v chucaniam.}  16.Bc2 {Bb7 surely 
is unusual there, but I see no sense in him 
playing 15.c3.}  Qc8 {Bb7 was not good, but a good 
example of learning an opening from mistakes. next 
oppt played 14 Nb5}  17.Rad1 {I was very 
"theory-shy" before I started online chess. Here I 
can train the main lines with ChessBas}  Qc5 {i 
only have 6 books now. i tried CB lite but could 
not understand it. is cb7 or 8 easier to use?}  
18.Bb3 {I'm still on CB6, but I suppose it's 
getting better with each version.}  a5 {i did once 
have about 800 books. it was silly!}  19.Qe2 
{Where did they go? Did you lend them to other 
players?}  a4 {i gave them to a friend who was 
starting as a book seller. books, magazines,etc. i 
needed the space}  20.Bc2 {When I was younger, I 
bought many chessbooks too, many of them I've 
hardly ever opened.}  Rb8 {i also gave away many 
football programmes. i kept some, including Barnet 
v Amenia Beilefeld 1959(?)}  21.Nxb5 {There's a 
club called Arminia Bielefeld, and I know Barnet 
from English football managers. 1959?}  O-O {shows 
i have much to learn in this opening. they are the 
clubs,22 aug 60. & barnet v gold coast 51}  
22.Bxa4 {What do these old date matches mean? 
Important matches? Historical victories?}  Nxd5 
{friendly games only. but i think the documents 
age gives some value (to barnet fans?)}  23.c4 
{There's a FC Barcelona fan homepage with all 
line-up since 1899, but Barnet isn't Barca!}  Nf4 
{i have seen them and will confirm that!}  24.Qc2 
d5 25.Bb3 Nd3 26.Rxd3 {You're getting too much 
initiative. That calls for action!}  exd3 {i think 
thats a good choice}  27.Qxd3 {At least your pawn 
position gives me some hope.}  Rfc8 {i think after 
move 22 you were clearly winning. perhaps c4 was 
not the best}  28.cxd5 {It's not easy to play a 
whole game on a high level. I didn't see Rfc8.}  
Qxb5 {i guessed that. one blind spot each ;-)}  
29.Qxf5 {Hard task now to build a castle with one 
rook down.}  Bxb2 {i think i have been lucky here} 
 30.h4 Qa6 {a "listen to football" night. Bristol 
Rovers away.}  31.Rd1 {I should not move now. You 
always win when you are listening to football on 
the radio.}  Qg6 {no. peterboro always win when i 
am playing you. a lucky omen :-)}  32.Qf4 {So they 
should pay my online fees. Real players are more 
expensive!}  Rcd8 {barca`s may be more expensive. 
ours rely on an old age pension to live on}  33.g3 
{After they retired from their jobs, they became 
football players?}  Ba3 {when the retire from 
better teams they come to us ;-). it is a 
complicated swipe at our manager.}  34.Kg2 {I'm 
playing like a retired man, too. Has your team 
won?}  Bd6 {just finished. we won 2-1}  35.Qf3 
{Okay, the omen has worked again. When is their 
next game?}  Rb4 {sat. home to Bristol City. i 
will be there.}  36.Kh3 {We have to start a new 
game before the next radio match. I'm afraid I 
won't live that long.}  h5 {suits me. all our 
games have been interesting and enjoyable so far}  
37.Re1 Qg4+ 38.Qxg4+ hxg4+ 39.Kg2 Rc8 40.Re2 {All 
I can do is sit an wait. Will you trade rook 
against bishop or try to conquer f2?}  Kg7 {in all 
honesty i dont know. RxB looks difficult, f2 is 
hard to get at}  41.Rd2 {So let's play on some 
more moves!}  Re4 42.Rb2 f5 43.Rd2 Rc3 44.Rb2 
{Seems to me that you know what you do.}  Kf6 {i 
want to swop off your rook, unfortunately you will 
not cooperate.}  45.Rd2 {There's a man at the 
sideline showing the board "3 moves extra time".}  
f4 {a good week to play Bristol clubs. 2-1 against 
rovers, today 2-1 against city :-)}  46.gxf4 Rxf4 
47.Re2 {With your score against me, you can also 
call me "Bristol".}  Be5 {i hope that is the 
answer. r u watching Barca v Liverpool Thursday?}  
48.Rd2 {No, I'm "TV-less", and I can't go to Spain 
before Summer.}  Rd4 {it is live on tv here, but 
bayern v man utd is not?!}  49.Re2 {Depends on 
which channel has the rights. If it's a 
pay-channel, well, the good times have gone...}  
Rh3 50.Rc2 Rh2+ 51.Kf1 g3 52.Re2 {Nice move. I 
think it's time to give it up. Congratulations and 
till the next game!}  g2+ {i look forward to 
another game soon then!}  0-1

[Event "HCL-C266"]
[Site "www.playchess.de"]
[Date "2001.04.16"]
[Round "19"]
[White "Kakourim"]
[Black "MEATHEAD"]
[WhiteElo "1000"]
[BlackElo "1015"]
[PlyCount "22"]
[Result "0-1"]

1.e4 e5 2.f4 exf4 3.Nf3 Nf6 4.Bc4 Nxe4 5.d3 Nd6 
6.Bb3 Qe7+ 7.Qe2 Nc6 8.Qxe7+ Bxe7 9.Bxf4 Nb4 
10.Na3 Bf6 11.O-O-O O-O 0-1

[Event "HCL-B271"]
[Site "www.playchess.de"]
[Date "2001.04.16"]
[Round "1"]
[White "SAROS"]
[Black "vijal"]
[WhiteElo "1266"]
[BlackElo "740"]
[PlyCount "96"]
[Result "0-1"]

1.e4 {Hello from Istanbul}  e5 2.Nf3 Nc6 3.Bb5 Bc5 
4.Bxc6 dxc6 5.c3 Nf6 6.Qc2 Bd6 7.O-O Be6 8.d3 h6 
9.c4 O-O 10.a3 Qe7 11.b3 b5 12.Nbd2 a6 13.b4 c5 
14.bxc5 Bxc5 15.Nxe5 Bd4 16.Bb2 Bxb2 17.Qxb2 bxc4 
18.Ndxc4 Rab8 19.Qc3 Bxc4 20.Nxc4 Rb5 21.h3 Rfb8 
22.a4 R5b3 23.Qd2 Rd8 24.Nb2 Nxe4 25.Qc2 Nc5 
26.Rfd1 Rdb8 27.d4 Nd7 28.Rdb1 Nf6 29.Nd3 R3xb1+ 
30.Rxb1 Rxb1+ 31.Qxb1 Qd7 32.Qb4 Nd5 33.Qa5 Qc6 
34.Nc5 Nf4 35.f3 Ne2+ 36.Kh2 Nxd4 37.Nxa6 Ne6 
38.Nb4 Qd6+ 39.Kg1 Qg3 40.Nd5 Qg5 41.Qa8+ Kh7 
42.Qc6 Nd4 43.Qc4 Nxf3+ 44.Kf2 Nd2 45.Qd3+ g6 
46.a5 c6 47.Nc3 Qc5+ 48.Ke2 Nb3 0-1

[Event "HCL-B273"]
[Site "www.playchess.de"]
[Date "2001.04.16"]
[Round "19"]
[White "Bastian2"]
[Black "jefersonmello"]
[WhiteElo "1500"]
[BlackElo "1269"]
[PlyCount "60"]
[Result "0-1"]

1.e4 e5 2.Nf3 Nc6 3.Bb5 Nge7 4.Bxc6 Nxc6 5.d4 exd4 
6.Nxd4 Nxd4 7.Qxd4 c5 8.Qe3 g6 9.O-O Bg7 10.Nc3 b6 
11.Qg5 Qxg5 12.Bxg5 Bxc3 13.bxc3 O-O 14.Rfe1 Bb7 
15.Rad1 Bc6 16.h3 Rfe8 17.f3 Re5 18.Bf4 Re6 19.Rd6 
Ba4 20.Re2 f5 21.Rxe6 dxe6 22.exf5 exf5 23.g4 Rf8 
24.gxf5 Rxf5 25.Bb8 Rxf3 26.Bxa7 b5 27.Bxc5 Rxc3 
28.Re8+ Kf7 29.Re7+ Kf8 30.Re3+ 
Rxc5 0-1

[Event "HCL-C272"]
[Site "www.playchess.de"]
[Date "2001.04.16"]
[Round "2"]
[White "k_a_n_i_b_a_l"]
[Black "TopHat"]
[WhiteElo "1000"]
[BlackElo "1000"]
[PlyCount "65"]
[Result "1-0"]

1.d4 {Hi, good luck}  d5 2.c4 Nc6 3.Nc3 Nf6 4.Nf3 
Bg4 5.e3 e6 6.a3 Bd6 7.cxd5 exd5 8.Be2 O-O 9.O-O 
Qe7 10.h3 Bxf3 11.Bxf3 h6 12.Nxd5 Nxd5 13.Bxd5 
Bh2+ 14.Kh1 Qd6 15.Qf3 Ne7 16.Bxb7 Rab8 17.Be4 f5 
18.Bd3 g6 19.g3 Rb3 20.Bc4+ Kh8 21.Bxb3 Qa6 22.Rd1 
Qb5 23.Ba2 c5 24.Kxh2 cxd4 25.Rxd4 Nc6 26.Rd1 Ne5 
27.Qg2 Rc8 28.Bd2 Rc2 29.Bc3 Qe8 30.Bxe5+ Qxe5 
31.Rd7 Qe8 32.Rad1 Rxb2 33.R7d8 1-0

[Event "HCL-A127"]
[Site "www.playchess.de"]
[Date "2001.04.16"]
[Round "1"]
[White "Romulus73"]
[Black "One_i"]
[WhiteElo "1867"]
[BlackElo "1709"]
[PlyCount "22"]
[Result "0-1"]

1.c4 Nf6 {Good luck to you from Canada}  2.Nf3 e6 
3.d4 b6 4.Nc3 Bb7 5.g3 Bb4 6.Bg2 Bxc3+ 7.bxc3 d6 
8.O-O Nbd7 9.Qc2 O-O 10.Bg5 Qc8 11.Rfe1 
Ne4 0-1

[Event "HCL-A123"]
[Site "www.playchess.de"]
[Date "2001.04.16"]
[Round "6"]
[White "cricri"]
[Black "carl"]
[WhiteElo "1700"]
[BlackElo "1900"]
[PlyCount "52"]
[Result "0-1"]

1.c4 Nf6 2.Nc3 g6 3.g3 Bg7 4.Bg2 O-O 5.Nf3 d6 
6.O-O c5 7.d4 Nc6 8.d5 Na5 9.Nd2 e6 10.e4 exd5 
11.cxd5 Re8 12.Qc2 b6 13.Nb3 Nxb3 14.Qxb3 Ng4 
15.a4 f5 16.h3 Ne5 17.Qc2 c4 18.Bd2 Nd3 19.f3 Be5 
20.f4 Bg7 21.b3 Qc7 22.e5 dxe5 23.bxc4 e4 24.Nb5 
Qc5+ 25.Kh2 a6 26.Bc3 axb5 0-1

[Event "HCL-A127"]
[Site "www.playchess.de"]
[Date "2001.04.16"]
[Round "2"]
[White "DepthCharge"]
[Black "Romulus73"]
[WhiteElo "1505"]
[BlackElo "1867"]
[PlyCount "21"]
[Result "1-0"]

1.e4 {Greetings from Canada! Good luck :)}  d5 
{The same from Sweden. Let best man win!}  2.exd5 
Qxd5 3.Nc3 Qa5 4.d4 e5 5.dxe5 Nc6 6.Nf3 Bb4 7.Bd2 
Bg4 8.a3 Nd4 9.Be2 Nxe2 10.axb4 Nxc3 
11.bxa5 1-0

[Event "HCL-A127"]
[Site "www.playchess.de"]
[Date "2001.04.16"]
[Round "6"]
[White "DepthCharge"]
[Black "Whatever"]
[WhiteElo "1505"]
[BlackElo "1535"]
[PlyCount "93"]
[Result "1-0"]

1.e4 {Good luck. :)}  c5 {Have a good game.}  
2.Nf3 Nc6 3.d4 cxd4 4.Nxd4 Nf6 5.Nc3 g6 6.Bg5 Bg7 
7.Be2 Qb6 8.Nxc6 dxc6 9.Qc1 Ng4 10.Bxg4 Bxg4 
11.O-O h6 12.Be3 Qb4 13.f3 Be6 14.Bd2 O-O-O 15.Be3 
b6 16.a3 Qa5 17.Qe1 Rd7 18.Rd1 Rhd8 19.Rxd7 Rxd7 
20.Bd2 Qc5+ 21.Be3 Bd4 22.Bxd4 Qxd4+ 23.Qf2 Kc7 
24.Nd5+ Rxd5 25.exd5 Qxd5 26.Qg3+ Kb7 27.Qf2 Kc7 
28.c3 c5 29.Qc2 c4 30.Rd1 Qc6 31.Qd2 Qc5+ 32.Qd4 
Qxd4+ 33.Rxd4 b5 34.Kf2 Bd7 35.Ke3 e5 36.Rh4 h5 
37.g4 hxg4 38.fxg4 Kd6 39.g5 Bc6 40.Rh7 Bd5 41.h4 
Kc7 42.h5 gxh5 43.Rxh5 a5 44.Rh6 Bg2 45.Re6 fxe6 
{I had to make sure Romulus would be in last 
place}  46.g6 {He ran out of time in our game.}  
Be4 {Good for me, because I faced strong opponents 
in the tournament.}  47.Kxe4 {Yes, I agree. My 
opponents have been strong. Except for Romulus.} 
 1-0

[Event "HCL-A123"]
[Site "www.playchess.de"]
[Date "2001.04.16"]
[Round "9"]
[White "unnics"]
[Black "cricri"]
[WhiteElo "1700"]
[BlackElo "1700"]
[PlyCount "50"]
[Result "1/2-1/2"]

1.e4 d6 2.d4 Nf6 3.Nc3 g6 4.Nf3 Bg7 5.Be2 O-O 
6.Kf1 c5 7.dxc5 {i played 0-0 last move but the 
position shows my king at f1 why?}  dxc5 {0-0 = e1 
g1}  8.Qxd8 Rxd8 9.h3 Nc6 10.Be3 b6 11.a3 Bb7 
12.Bd3 Nd4 13.Ne1 Rac8 14.f3 Nh5 15.Kf2 Be5 16.g4 
Nf4 17.Bxf4 Bxf4 18.Ne2 Nxe2 19.Bxe2 c4 20.Ng2 Be5 
21.c3 Rd2 22.Rab1 Rcd8 23.Rhd1 b5 24.Ke3 R2xd1 
25.Rxd1 Rxd1 1/2-1/2

[Event "HCL-B283"]
[Site "www.playchess.de"]
[Date "2001.04.16"]
[Round "16"]
[White "lonewolf"]
[Black "Savage"]
[WhiteElo "1649"]
[BlackElo "1435"]
[PlyCount "98"]
[Result "0-1"]

1.b4 {Hi,good luck}  Nf6 {Hello - unusual first 
move!}  2.a3 {I like to try different moves,makes 
the game more interesting.}  g6 3.Bb2 Bg7 {Yeah it 
can be boring if you play the same game over and 
over.  This one should be interesting.}  4.e4 
{Looking forward to it.}  d6 5.Bc4 O-O 6.Nf3 Nxe4 
7.Bxg7 Kxg7 8.O-O e5 9.d4 exd4 10.Qxd4+ Qf6 11.Re1 
Qxd4 12.Nxd4 Nf6 {I don't like this!!}  13.Nc3 
{Fairly close game so far though.}  Bd7 14.Bb3 Nc6 
15.Nxc6 Bxc6 16.Re7 Bd7 17.Nd5 Rae8 18.Rxe8 Nxe8 
19.Re1 c6 20.Re7 Bc8 {I'm liking this better now. 
Still close though.}  21.Nc7 Nxc7 22.Rxc7 Kf6 
23.Kf1 d5 24.b5 Ke6 25.bxc6 Kd6 26.cxb7 Kxc7 
27.bxc8Q+ {%}  Rxc8 28.Bxd5 f5 29.Ke2 Kd6 30.Bb3 
Ke5 31.Kd3 Rd8+ 32.Ke3 f4+ 33.Ke2 g5 34.Kf3 Rd2 
35.g3 a5 36.gxf4+ gxf4 37.Kg2 Rd1 38.Kf3 Rh1 
39.Kg2 Ra1 40.a4 Ke4 41.c4 f3+ 42.Kh3 Rf1 43.c5 
Rc1 {Meant to play Ra3 last move - did oops!}  
44.Kg4 {Looks like you have this one about sewed 
up :-(}  Rxc5 {Getting rid of your passer makes me 
a LOT more comfortable.}  45.Bd1 h5+ 46.Kh4 Kf4 
47.h3 Rc1 48.Bb3 Rf1 49.Kxh5 Rxf2 0-1

[Event "HCL-A130"]
[Site "www.playchess.de"]
[Date "2001.04.16"]
[Round "1"]
[White "rhand"]
[Black "algy"]
[WhiteElo "1700"]
[BlackElo "1700"]
[PlyCount "40"]
[Result "0-1"]

1.e4 {nice to meet you}  d6 {thanks. pleased to 
meet you too.}  2.d4 {from were are you}  Nf6 {I 
live in Newcastle-under- Lyme in the English 
Midlands, but I'm from Scotland originally. You?}  
3.Nc3 {belgium near the netherlands and germany, 
they are both 40 min from my door}  g6 4.Nf3 Bg7 
5.Be2 O-O 6.O-O c6 7.a4 b6 8.h3 Na6 9.Be3 Nc7 
10.Qd2 d5 11.e5 Nd7 12.Bh6 f6 13.exf6 exf6 14.Bxg7 
Kxg7 15.Rfe1 Rf7 16.Bd3 Nf8 17.Re2 Qd6 18.Rae1 Be6 
19.b3 Re8 20.Nb1 Rfe7 0-1

[Event "HCL-B286"]
[Site "www.playchess.de"]
[Date "2001.04.16"]
[Round "9"]
[White "Michael_Schenk"]
[Black "DrJon"]
[WhiteElo "1316"]
[BlackElo "1552"]
[PlyCount "59"]
[Result "1-0"]

1.e4 {Hello from germany. Have fun!}  c6 {have a 
good game from cheyenne wyoming usa}  2.d4 d5 
3.Nc3 dxe4 4.Nxe4 Bf5 5.Ng3 Bg6 6.Bc4 Nd7 7.Nf3 e6 
{solid play}  8.Qe2 {Funny: I try CaroKann as 
black 1st time this Tourney; you play it. BTW what 
kind of Dr. ?}  a6 9.O-O Bd6 {rehab dev. 
disabilities adults 30 years}  10.Re1 Ne7 11.Ne4 
{Have seen your WCA-Site. Pretty good.}  Qc7 
12.Nxd6+ Qxd6 {thanks, I enjoy the site}  13.c3 
O-O-O {thanks web site helps us in wide open 
spaces}  14.g3 Nd5 15.a4 Bh5 16.Ra3 Rhe8 17.Rb3 
N5b6 18.Bf4 e5 {forward brave pawn}  19.dxe5 
{tough guy ;-)}  Nxe5 {backward brave pawn}  
20.Bxe5 Nxc4 21.Qxc4 Bxf3 {this is suppose to be 
surprising?}  22.Qxf7 {OK, Lxd6 doesn´t work; but 
maybe this wins a pawn?!}  Re7 {or even the game}  
23.Qxf3 {so let´s see :-)}  Rxe5 24.Qg4+ Kb8 
25.Rxb7+ Ka8 {great combo!}  26.Rxe5 Qxe5 27.Rxg7 
h5 28.Qg6 Qd5 29.Rc7 h4 30.Qxc6+ 1-0

[Event "HCL-B282"]
[Site "www.playchess.de"]
[Date "2001.04.16"]
[Round "7"]
[White "whatsleft2"]
[Black "mcgaughp"]
[WhiteElo "1887"]
[BlackElo "1500"]
[PlyCount "87"]
[Result "1-0"]

1.e4 {goodluck}  c5 2.d4 {where are you from i am 
in south texas}  cxd4 {Guam}  3.c3 dxc3 4.Bc4 c2 
5.Qxc2 d6 6.Nf3 e6 7.O-O Nf6 8.Nc3 Be7 9.Bg5 a6 
10.Rfd1 Bd7 11.Rac1 Nc6 12.Ne2 Rc8 13.Qd3 Rc7 
14.Bxf6 Bxf6 15.Qxd6 Bxb2 16.Rcb1 Bf6 17.e5 Be7 
18.Qd2 h6 19.Bd3 Qc8 20.Ng3 O-O 21.Qe2 Bc5 22.Qe4 
f5 23.exf6 Rxf6 24.Qh7+ Kf8 25.Nh5 Be8 26.Nxf6 
gxf6 27.Qxh6+ Rg7 28.Qh8+ Kf7 29.Qh5+ Kg8 30.Qxc5 
Qc7 31.Bc4 Bf7 32.Rd6 e5 33.Rxf6 Qd7 34.Bxf7+ Rxf7 
35.Rxf7 Kxf7 36.Nxe5+ Nxe5 37.Qxe5 Kg8 38.Re1 Qd2 
39.Qe8+ Kg7 40.Re7+ Kh6 41.Qh8+ Kg6 42.Qg8+ Kf5 
43.Qf8+ Kg4 44.Rg7+ 1-0

[Event "ACL-A149"]
[Site "www.playchess.de"]
[Date "2001.04.16"]
[Round "4"]
[White "cricri"]
[Black "myosotis1984"]
[WhiteElo "1500"]
[BlackElo "1500"]
[PlyCount "59"]
[Result "1-0"]

1.c4 e5 2.Nc3 d6 3.g3 Be6 4.Bg2 Nc6 5.d3 Be7 6.Nf3 
f5 7.O-O Nf6 8.a3 O-O 9.b4 a6 10.Bb2 Qc8 11.Ng5 
Bd7 12.c5 h6 13.cxd6 cxd6 14.Nf3 f4 15.Rc1 g5 
16.a4 g4 17.Nd2 h5 18.gxf4 exf4 19.Nd5 Qd8 20.Nxf4 
Qe8 21.Qb3+ Kh7 22.Ne6 Rg8 23.Nc7 Qg6 24.Nxa8 h4 
25.Nb6 g3 26.hxg3 Bf5 27.e4 Bg4 28.b5 h3 29.bxc6 
hxg2 30.Kxg2 1-0

[Event "HCL-C277"]
[Site "www.playchess.de"]
[Date "2001.04.16"]
[Round "5"]
[White "rwdiamond"]
[Black "Coney"]
[WhiteElo "1004"]
[BlackElo "1167"]
[PlyCount "48"]
[Result "0-1"]

1.e4 e5 2.Bc4 Nf6 3.Nc3 Nxe4 4.Qh5 Nd6 5.Qxe5+ Qe7 
6.Qxe7+ Bxe7 7.d3 Nxc4 8.dxc4 O-O 9.Nd5 Bd6 10.c5 
Re8+ 11.Be3 c6 12.cxd6 cxd5 13.Nf3 b6 14.O-O Bb7 
15.Rfe1 h6 16.Nd4 Nc6 17.Nb5 Nb4 18.Re2 Ba6 19.a4 
Bxb5 20.axb5 d4 21.c3 dxe3 22.cxb4 exf2+ 23.Rxf2 
Re5 24.Raf1 f6 0-1

[Event "HCL-C277"]
[Site "www.playchess.de"]
[Date "2001.04.16"]
[Round "7"]
[White "Uzwil"]
[Black "AlexDerGrieche"]
[WhiteElo "1000"]
[BlackElo "1000"]
[PlyCount "25"]
[Result "1-0"]

1.e4 e5 2.Nf3 d6 3.d4 f6 4.Bc4 Bg4 5.c3 Nd7 6.Qb3 
Nb6 7.Bxg8 Rxg8 8.Qxg8 Bd7 9.Qxh7 c5 10.Qg6+ Ke7 
11.dxe5 dxe5 12.Nxe5 fxe5 13.Bg5+ {mate!} 
 1-0

[Event "HCL-C277"]
[Site "www.playchess.de"]
[Date "2001.04.16"]
[Round "10"]
[White "rwdiamond"]
[Black "Uzwil"]
[WhiteElo "1004"]
[BlackElo "1000"]
[PlyCount "58"]
[Result "0-1"]

1.e4 d6 2.Nc3 Nf6 3.Bc4 g6 4.h3 Bg7 {It's  01.12 
here. See you tomorrow.}  5.Nf3 O-O 6.d4 c6 7.O-O 
b5 8.Bd3 a6 9.e5 {How can you think at 1 a.m.?}  
dxe5 10.dxe5 {You are from Spain? I can speak 
Spanish. I lived in Costa Rica and Mexico for a 
total of 7 years.}  Nd5 11.Nxd5 Qxd5 {Sí, soy 
español, aunque nací en Suiza porque mis padres 
trabajaron allí. ¿En qué zona de USA vives?}  
12.Re1 {Yo vivo en Colorado.}  Rd8 13.b3 e6 14.a4 
Bb7 15.axb5 cxb5 16.Qe2 Nd7 17.c4 bxc4 18.bxc4 Qc5 
19.Ba3 Qc6 20.Be4 Qxe4 21.Qxe4 Bxe4 22.Rxe4 Rdc8 
23.Rb1 Nc5 24.Rd4 Rc7 25.Rbd1 h6 26.R4d8+ Rxd8 
27.Rxd8+ Kh7 28.Ra8 Nd3 29.Rxa6 
Rxc4 0-1

[Event "HCL-C277"]
[Site "www.playchess.de"]
[Date "2001.04.16"]
[Round "16"]
[White "YoYo"]
[Black "AlexDerGrieche"]
[WhiteElo "1377"]
[BlackElo "1000"]
[PlyCount "29"]
[Result "1-0"]

1.d4 d5 2.c4 dxc4 3.e3 b5 4.a4 g5 5.axb5 Bb7 6.Nf3 
e6 7.Bxc4 c6 8.Ne5 Bb4+ 9.Nc3 Nd7 10.bxc6 Bxc6 
11.Nxc6 Rc8 12.Nxd8 Rxd8 13.Rxa7 Nb6 14.Qf3 Nxc4 
15.Qxf7+ {gg.}  1-0

[Event "HCL-B287"]
[Site "www.playchess.de"]
[Date "2001.04.16"]
[Round "9"]
[White "Bookkeeper"]
[Black "PCChess"]
[WhiteElo "1466"]
[BlackElo "1500"]
[PlyCount "57"]
[Result "1-0"]

1.e4 c5 2.Nf3 Nc6 3.d4 cxd4 4.Nxd4 e5 5.Nb5 a6 
6.Nd6+ Bxd6 7.Qxd6 Qf6 8.Qd1 Nge7 9.Nc3 O-O 10.Be3 
d6 11.Qd2 b5 12.O-O-O Rd8 13.h4 Be6 14.Bg5 Qg6 
15.h5 Qxg5 16.Qxg5 h6 17.Qg3 b4 18.Nd5 Bxd5 
19.exd5 Nd4 20.f4 Rac8 21.fxe5 Nxc2 22.Bxa6 Nd4+ 
23.Kb1 Nef5 24.Qg4 Rca8 25.Bd3 b3 26.a3 Ne3 
27.Qxd4 Nxd1 28.Rxd1 dxe5 29.Qxe5 1-0

[Event "HCL-B287"]
[Site "www.playchess.de"]
[Date "2001.04.16"]
[Round "13"]
[White "PCChess"]
[Black "Quester"]
[WhiteElo "1500"]
[BlackElo "1500"]
[PlyCount "71"]
[Result "1-0"]

1.e4 c6 2.d4 d5 3.e5 Bf5 4.g4 Bg6 5.h4 h5 6.e6 
fxe6 7.g5 Qd6 8.f4 Bf5 9.Nf3 g6 10.Ne5 Nd7 11.Nd2 
Nb6 12.Ndf3 Bg7 13.a4 Nc4 14.Bxc4 dxc4 15.a5 b5 
16.axb6 Qb4+ 17.c3 Qxb6 18.Nxc4 Qc7 19.Nce5 Rd8 
20.Qa4 Be4 21.O-O Ra8 22.Nd2 Bd3 23.Re1 Bxe5 
24.fxe5 Nf6 25.gxf6 exf6 26.Nf3 Bf5 27.Bf4 Kf7 
28.Nd2 Rhg8 29.Ne4 Bxe4 30.Rxe4 g5 31.hxg5 fxg5 
32.Bh2 Kg6 33.Qc2 Kh6 34.Rf1 Raf8 35.Rf6+ Rg6 
36.Rxf8 1-0

[Event "ACL-A144"]
[Site "www.playchess.de"]
[Date "2001.04.16"]
[Round "9"]
[White "mepms"]
[Black "fossa"]
[WhiteElo "1500"]
[BlackElo "1500"]
[PlyCount "37"]
[Result "1-0"]

1.e4 e6 2.d4 c5 3.Nf3 Qa5+ 4.Nc3 Nc6 5.Bc4 a6 6.d5 
exd5 7.exd5 Nd8 8.Qe2+ Be7 9.d6 b5 10.Bd2 bxc4 
11.Nd5 Qb5 12.Nc7+ Kf8 13.dxe7+ Nxe7 14.Nxb5 axb5 
15.O-O Ndc6 16.Rfe1 Bb7 17.Ne5 Nxe5 18.Qxe5 d6 
19.Qxe7+ 1-0

[Event "ACL-A144"]
[Site "www.playchess.de"]
[Date "2001.04.16"]
[Round "20"]
[White "DKCozy"]
[Black "mepms"]
[WhiteElo "1500"]
[BlackElo "1500"]
[PlyCount "30"]
[Result "0-1"]

1.f4 e5 2.e4 d5 3.exd5 e4 4.d3 Nf6 5.Nc3 Bb4 6.Bd2 
e3 7.Bxe3 O-O 8.Be2 Re8 9.Qd2 Nxd5 10.Bf2 Qf6 
11.Nf3 Nxc3 12.Bd4 Rxe2+ 13.Qxe2 Nxe2+ 14.Kxe2 
Qxf4 15.c3 Nc6 0-1